000
00269nam a22001217a 4500
008
170713b xxu||||| |||| 00| 0 eng d
041
_a
alb
080
_a
038
100
_a
23
101
_a
FJA
245
_a
FJALOR SHQIP - GREQISHT
_c
KRISTOFORIDHIT,K
942
_2
udc
_c
BK
999
_c
20466
_d
20466